00490nam a2200193 a 4500001001300000003000900013005001700022008004100039020000800080082001700088100002700105245001800132260005400150300000800204500003500212505000900247650001300256700002700269nice12345678IN_TiNIC20260116011743.0050524s1965 hyda grp 000 0 urd  ac000a297.831bTAD aTadbir, M Abdul Hakeem aZuhur-E-Mehdi aHyderabad bMarkazi Anjuman Taleemus Salat c1965 a96p aincludes index and biblioraphy2 aill. aMahdavia1 aTadbir, M Abdul Hakeem